000 00647nam a2200217 i 4500
001 56574
003 ES-MaACL
005 20250911062641.0
007 t|
008 031010s1973 sp ||||1| spa d
100 1 _aDickey, James.
_944492
245 1 0 _aLiberación /
_cJames Dickey ; [traducido por Rafael Vázquez Zamora].
250 _a[1ª ed.].
260 _a[Barcelona] :
_bDestino,
_c[1973]
300 _a287 p. ;
_c19 cm.
490 1 _aAncora y delfín ;
_v424
700 1 _aVázquez Zamora, Rafael,
_d1911-1972
_9113498
830 0 0 _aÁncora y Delfín
_v424
_9151298
852 _aES-MaACL
_jC-55704
_bR.88397
999 _c56574
_d56574